000 00713nam a2200253Ia 4500
003 OSt
005 20220928102124.0
006 a|||||r|||| 00| 0
007 ta
008 220927b |||||||| |||| 00| 0 eng d
020 _c0
024 _a112314
037 _bGIFT, 24/08/2011, Gift
_cTextual
040 _aSDCL
_cSDCL
_beng
041 _2eng
_aeng
082 _a4:(P15)wN, 111Q1
100 _aKalinayak Tr.
_9396696
245 0 _aKalinayak
_b Demon of our times.
260 _aGwalior
_bM K Mind Power Institute
_c2011
300 _a143p.
_ccm.
650 _aGift
_9391569
942 _h4:(P15)wN, 111Q1
_cTEXL
_2CC
999 _c712453
_d712453